00568cam a22002171a 4500001001300000003000400013005001700017008004100034010001700075035002000092040002100112042001200133050002100145100003000166245004000196260003700236300002000273500001900293752002100312999001700333he 67001951 DLC20260227111450.0831018s1943 is 000 0 hebr  ahe 67001951  a(OCoLC)19165308 aDLCcMHdOUdDLC apremarc00aPJ5053.B3434bY31 aBasskind, S.,d1887-1944.10aYamim noshrim /cShaʼul Basḳind. aTel-Aviv :bṾatiḳim,cc1943. a47 p. ;c18 cm. aShort stories. aIsraeldTel Aviv c32694d32694